| 000 | 004690000a22001810004500 | ||
|---|---|---|---|
| 003 | MACL | ||
| 005 | 20151004131822.0 | ||
| 008 | 151004b xxu||||| |||| 00| 0 eng d | ||
| 040 |
_aMACL _cMACL |
||
| 041 | _aEnglish | ||
| 082 | _a910/BER | ||
| 100 |
_aBera, Dr Tilak Ranjan _913443 |
||
| 245 |
_aGoa _bA Journey and Reminiscence |
||
| 260 |
_bWoodland Publishers _c2008 _aKolkata |
||
| 350 | _a2000 | ||
| 650 |
_aTravel & Geography _913442 |
||
| 942 |
_cBK _k910/BER _2ddc |
||
| 999 |
_c42626 _d42626 |
||